| 000 | 00357nam a2200133Ia 4500 | ||
|---|---|---|---|
| 008 | 240624s9999 xx 000 0 und d | ||
| 041 | _aeng | ||
| 082 | _a323.15409 DHA | ||
| 100 | _aDHAGAMWAR VASUDHA | ||
| 245 | _aROLE AND IMAGE OF LAW IN INDIA THE TRIBA | ||
| 260 |
_c2006 _aNew Delhi _bSage Publications |
||
| 300 | _a414 : p. : cm. ; 22 | ||
| 365 |
_cRS _b30 |
||
| 999 |
_c4755 _d4755 |
||